1761 1580 1536 1042 1894 1699 1248 1470 1421 1503 1443 1468 1607 1227 1992 1893 1099 1155 1470 1227 1976 1789 1400 1705 1794 1432 1909 1541 1940 1914 1631 1684 1277 1365 1036 1112 1519 1236 1160 1740 1148 1191 1072 1572 1501 1943 1291 1862 1465 1317 1820 1513 1331 1257 1690 1446 1168 1895 1369 1253 1953 1001 1823 1814 1089 1788 1560 1248 1049 1382 1501 1577 1465 1912 1939 1704 1361 1136 1568 1470 1079 1567 1559 1530 1320 1346 1740 1491 1395 1038 1567 1225 1448 1111 1310 1674 1840 1029 1056 BCNSPRNW ULIB Ver.6.0+V

เปลี่ยนเป็นภาษาไทย

Change to English
 แสดงรายละเอียดบรรณานุกรม
  กลับหน้าหลัก

Brief Record : Get Marc (ISO 2709) : E-mail record : QR code < ปิดหน้าต่าง
LEADER : 00000nam 2200000uu 4500
001    13399112368
003     ULIB
008    110627s2551||||th 000 0 tha d
020    9789747503272
090    นว.^bจ685ก 2551
100 0  จูนิตา
245 00 เกมรัก..ซ่อนใจ/^cจูนิตา
250    พิมพ์ครั้งที่ 2
260    กรุงเทพฯ :^bแจ่มใส,^c2551
300    342 หน้า
710 1  แจ่มใส
945    ^p209^l0^i024465
995    ทศพร
999 ^a ใช้งานได้ทุกระบบ
รายการนี้ยังไม่มีแท็ก
คุณยังไม่ได้ล็อกอิน คุณสามารถมีกิจกรรมร่วมกับเว็บไซต์ได้ แต่ต้องล็อกอินก่อน ::
  ล็อกอิน

รายการสื่อสารสนเทศ

ลำดับที่ ประเภท เลขเรียก/บาร์โค้ด สถานที่ สถานะ
- ไม่พบข้อมูล -

BibComment


ยังไม่เคยถูกคอมเมนท์

คอมเมนท์ทรัพยากรรายการนี้
  คอมเมนท์: เกมรักซ่อนใจ จูนิตา


 Copyright 2026. Bcnsprnw @Library